000 00573nam a2200205 i 4500
001 bg
100 1 _aPAXMAN, Jeremy
245 1 0 _aThe English :
_ba portrait of a people /
_cJeremy Paxman.
260 _aLondon :
_bPenguin Books,
_ccop.1999.
300 _aIX, 308, [1] s. ;
_c18,00.
504 _aBibliogr. s.283-296.
651 9 _aWielka Brytania
_xkultura
_xzagadnienia
_yod 1945 r.
020 _a0140290400
040 _cBPK
041 0 _aen
080 _a008(410)"1945/..."
920 _a0-14-029040-0
942 _cKS
008 s pl f |000 0 pol
999 _c37619
_d37619
856 _uhttp://koha.tu.koszalin.pl/cgi-bin/koha/opac-detail.pl?biblionumber=37619
_yKatalog online BPK